| 000 | 00728cam a2200241 a 4500 | ||
|---|---|---|---|
| 001 | 000016269 | ||
| 003 | DO-SdBNP | ||
| 005 | 20221019143630.0 | ||
| 007 | ta | ||
| 008 | 970508m1993 cu a j 000 0 spa | ||
| 010 | _a97149162 | ||
| 020 | _a9590800858 | ||
| 020 | _a9590800866 | ||
| 020 | _a8459933709 (EspaƱa) | ||
| 040 |
_aDO-SdBNP _bspa _cBNPHU |
||
| 082 | 4 | _222 | |
| 245 | 0 | 0 |
_aPor los caminos de La edad de oro / _ceditorial Antonio Nunez Jimenez ; colaboradores Luisa Campuzano ... et al.]. |
| 260 |
_aCiudad de la Habana, Cuba : _bGente Nueva, _c<c1993- >. |
||
| 300 |
_av. : _bil. (some col.) ; _c28 cm. |
||
| 700 | 1 |
_aNunez Jimenez, Antonio. _94130 |
|
| 700 | 1 |
_aCampuzano, Luisa. _921244 |
|
| 942 |
_2ddc _cLBS1 |
||
| 999 |
_c15806 _d15806 |
||